000 01054nam a22002777a 4500
003 dpl
005 20180710150804.0
008 180710b xxu||||| |||| 00| 0 eng d
010 _aB-140710
020 _c275.00
_a8170286026
035 _aB-140710, B-140714
037 _bCen Lib/Ret
040 _aDPL
_bHN
_c0
082 _a
_bत्रिपाठी
100 _aत्रिपाठी, रमानाथ
_967812
245 _aवनफूल /
_cरमानाथ त्रिपाठी
246 _aVanphool /
_bby Ramanath Tripathi
260 _aदिल्ली
_bराजपाल एंड सन्ज़
_c2005
270 _aकश्मीरी गेट
_bदिल्ली
_e110006
300 _a288पृ.
_c20सेमी(सजिल्द)
650 _aहिन्दी साहित्य
_967813
650 _aहिन्दी -- उपन्यास
_967814
650 _aHindi literature
_967815
650 _aHindi -- Fiction
_927248
942 _2ddc
_cHN
_h
_mत्रिपाठी
999 _c116697
_d116697